000 00467nam a22001697a 4500
005 20251108173137.0
008 250721s2002 xx 000 0 ara d
082 1 4 _aط/597.66/فلي
100 1 _aفلينت، ف
245 1 0 _aالحيوانات البرمائية /
264 1 _aدمشق :
_bدار الغد الإنساني،
_c2002.
300 _aج
650 1 7 _aالحيوانات
650 1 7 _aالبرمائيات
942 _2ddc
_cBK
999 _c97068
_d97068